000
00307nam a2200121Ia 4500
008
190216s9999||||xx |||||||||||||| ||und||
100
_a
Peter Norton & Arthur Griffith
245
0
_a
Complete Guide Ti Linux
260
_b
Tech Media Pub
_c
2000
300
_a
579p
650
_a
Computer Science
942
_c
BK
999
_c
8654
_d
8654